| 000 | 00848aam a2200277 4500 | ||
|---|---|---|---|
| 005 | 20160926111332.0 | ||
| 008 | 150603b xxu||||| |||| 00| 0 spa d | ||
| 041 | _aEspañol | ||
| 082 | _a651.53 E77i | ||
| 100 |
_aEspinoza León, Flora _92574 |
||
| 245 | _aLa información en medios audiovisuales en los archivos de gestión | ||
| 260 |
_aCosta Rica _bEUNA _c2008 |
||
| 300 | _a122 páginas | ||
| 650 |
_aSISTEMAS ARCHIVÍSTICOS _97366 |
||
| 650 |
_aADMINISTRACIÓN DE ARCHIVOS _96419 |
||
| 650 |
_aMATERIALES AUDIOVISUALES _912373 |
||
| 650 |
_aMICROFILMES _912374 |
||
| 650 |
_aDIAPOSITIVAS _912375 |
||
| 650 |
_aVIDEOCASETES _912376 |
||
| 650 |
_aDISCOS COMPACTOS _912377 |
||
| 650 |
_aFOTOGRAFÍA _97962 |
||
| 650 |
_aMEDIOS AUDIOVISUALES _912378 |
||
| 650 |
_aDISQUETES _912379 |
||
| 650 |
_aDIGITALIZACIÓN _94153 |
||
| 942 | _cBK | ||
| 999 |
_c2579 _d2579 |
||